<?xml version="1.0" encoding="UTF-8"?>
<record
    xmlns:xsi="http://www.w3.org/2001/XMLSchema-instance"
    xsi:schemaLocation="http://www.loc.gov/MARC21/slim http://www.loc.gov/standards/marcxml/schema/MARC21slim.xsd"
    xmlns="http://www.loc.gov/MARC21/slim">

  <leader>00430nam a22001217a 4500</leader>
  <datafield tag="040" ind1=" " ind2=" ">
    <subfield code="c">HS</subfield>
  </datafield>
  <datafield tag="082" ind1=" " ind2=" ">
    <subfield code="a">307</subfield>
  </datafield>
  <datafield tag="110" ind1=" " ind2=" ">
    <subfield code="a">LUTHERAN WORLD FEDERATION  (LWF)</subfield>
  </datafield>
  <datafield tag="245" ind1=" " ind2=" ">
    <subfield code="a">&#x17A7;&#x1794;&#x1780;&#x179A;&#x178E;&#x17CD;&#x179F;&#x1798;&#x17D2;&#x179A;&#x17B6;&#x1794;&#x17CB;&#x1780;&#x17B6;&#x179A;&#x179F;&#x17B7;&#x1780;&#x17D2;&#x179F;&#x17B6; &#x1793;&#x17B7;&#x1784;&#x17A2;&#x1793;&#x17BB;&#x179C;&#x178F;&#x17D2;&#x178F;&#x1793;&#x17CD;&#x179F;&#x1780;&#x1798;&#x17D2;&#x1798;&#x1797;&#x17B6;&#x1796;&#x178F;&#x17B6;&#x1798;&#x1794;&#x17C2;&#x1794;&#x1785;&#x17BC;&#x179B;&#x179A;&#x17BD;&#x1798;</subfield>
  </datafield>
  <datafield tag="260" ind1=" " ind2=" ">
    <subfield code="a">&#x1797;&#x17D2;&#x1793;&#x17C6;&#x1796;&#x17C1;&#x1789;</subfield>
    <subfield code="b">LUTHERAN WORLD FEDERATION</subfield>
    <subfield code="c">2002</subfield>
  </datafield>
  <datafield tag="300" ind1=" " ind2=" ">
    <subfield code="a">NA</subfield>
  </datafield>
  <datafield tag="942" ind1=" " ind2=" ">
    <subfield code="c">KB</subfield>
  </datafield>
  <datafield tag="999" ind1=" " ind2=" ">
    <subfield code="c">8696</subfield>
    <subfield code="d">8696</subfield>
  </datafield>
  <datafield tag="952" ind1=" " ind2=" ">
    <subfield code="0">0</subfield>
    <subfield code="1">0</subfield>
    <subfield code="4">0</subfield>
    <subfield code="6">307_000000000000000_LUT_2002_C195</subfield>
    <subfield code="7">0</subfield>
    <subfield code="9">49341</subfield>
    <subfield code="a">LBC</subfield>
    <subfield code="b">LBC</subfield>
    <subfield code="c">C195</subfield>
    <subfield code="d">2016-08-09</subfield>
    <subfield code="o">307 LUT 2002 C195</subfield>
    <subfield code="p">RUA42119</subfield>
    <subfield code="r">2016-08-09</subfield>
    <subfield code="y">KB</subfield>
  </datafield>
</record>
